<?xml version="1.0" encoding="UTF-8"?><?xml-stylesheet type="text/xsl" href="static/style.xsl"?><OAI-PMH xmlns="http://www.openarchives.org/OAI/2.0/" xmlns:xsi="http://www.w3.org/2001/XMLSchema-instance" xsi:schemaLocation="http://www.openarchives.org/OAI/2.0/ http://www.openarchives.org/OAI/2.0/OAI-PMH.xsd"><responseDate>2026-04-17T05:57:22Z</responseDate><request verb="GetRecord" identifier="oai:www.recercat.cat:10230/71754" metadataPrefix="marc">https://recercat.cat/oai/request</request><GetRecord><record><header><identifier>oai:recercat.cat:10230/71754</identifier><datestamp>2025-11-05T20:03:18Z</datestamp><setSpec>com_2072_6</setSpec><setSpec>col_2072_452952</setSpec></header><metadata><record xmlns="http://www.loc.gov/MARC21/slim" xmlns:dcterms="http://purl.org/dc/terms/" xmlns:xsi="http://www.w3.org/2001/XMLSchema-instance" xmlns:doc="http://www.lyncode.com/xoai" xsi:schemaLocation="http://www.loc.gov/MARC21/slim http://www.loc.gov/standards/marcxml/schema/MARC21slim.xsd">
   <leader>00925njm 22002777a 4500</leader>
   <datafield ind2=" " ind1=" " tag="042">
      <subfield code="a">dc</subfield>
   </datafield>
   <datafield ind2=" " ind1=" " tag="720">
      <subfield code="a">Jiang, Jiange</subfield>
      <subfield code="e">author</subfield>
   </datafield>
   <datafield ind2=" " ind1=" " tag="720">
      <subfield code="a">Chen, Chen</subfield>
      <subfield code="e">author</subfield>
   </datafield>
   <datafield ind2=" " ind1=" " tag="720">
      <subfield code="a">Lackinger, Anna</subfield>
      <subfield code="e">author</subfield>
   </datafield>
   <datafield ind2=" " ind1=" " tag="720">
      <subfield code="a">Li, Huimin</subfield>
      <subfield code="e">author</subfield>
   </datafield>
   <datafield ind2=" " ind1=" " tag="720">
      <subfield code="a">Li, Wan</subfield>
      <subfield code="e">author</subfield>
   </datafield>
   <datafield ind2=" " ind1=" " tag="720">
      <subfield code="a">Pei, Qingqi</subfield>
      <subfield code="e">author</subfield>
   </datafield>
   <datafield ind2=" " ind1=" " tag="720">
      <subfield code="a">Dustdar, Schahram</subfield>
      <subfield code="e">author</subfield>
   </datafield>
   <datafield ind2=" " ind1=" " tag="260">
      <subfield code="c">2025-11-04T06:48:08Z</subfield>
   </datafield>
   <datafield ind2=" " ind1=" " tag="260">
      <subfield code="c">2025-11-04T06:48:08Z</subfield>
   </datafield>
   <datafield ind2=" " ind1=" " tag="260">
      <subfield code="c">2025</subfield>
   </datafield>
   <datafield ind2=" " ind1=" " tag="520">
      <subfield code="a">Time series forecasting, particularly within the Internet of Things (IoT) and hydrological domains, plays a critical role in predicting future events based on historical data, which is essential for strategic decision making. Effective flood forecasting is pivotal for optimal water resource management and for mitigating the adverse impacts of flood events. While deep learning methods have demonstrated exceptional performance in time series prediction through advanced feature extraction and pattern recognition, they encounter significant limitations when applied to scenarios with sparse data, especially in flood forecasting. The scarcity of historical data can severely hinder the generalization capabilities of traditional deep learning models, presenting a notable challenge in practical flood prediction applications. To address this issue, we introduce MetaTrans-FSTSF, a pioneering meta-learning framework that redefines few-shot time series forecasting. By innovatively integrating MAML and Transformer architectures, our framework provides a specialized solution tailored for the unique challenges of flood prediction, including data scarcity and complex temporal patterns. This framework goes beyond standard implementations, delivering significant improvements in predictive accuracy and adaptability. Our approach leverages Model-Agnostic Meta-Learning (MAML) to enable rapid adaptation to new forecasting tasks with minimal historical data. Our inner architecture is a Transformer-based meta-predictor capable of capturing intricate temporal dependencies inherent in flood time series data. Our framework was evaluated using diverse datasets, including a real-world hydrological dataset from a small catchment area in Wuyuan, China, and other benchmark time series datasets. These datasets were preprocessed to align with the meta-learning approach, ensuring their suitability for tasks with limited data availability. Through extensive evaluation, we demonstrate that MetaTrans-FSTSF substantially improves predictive accuracy, achieving a reduction of up to 16%, 19%, and 8% in MAE compared to state-of-the-art methods. This study highlights the efficacy of meta-learning techniques in overcoming the limitations posed by data scarcity and enhancing flood forecasting accuracy where historical data are limited.</subfield>
   </datafield>
   <datafield ind1="8" ind2=" " tag="024">
      <subfield code="a">http://hdl.handle.net/10230/71754</subfield>
   </datafield>
   <datafield tag="653" ind2=" " ind1=" ">
      <subfield code="a">Few-shot learning</subfield>
   </datafield>
   <datafield tag="653" ind2=" " ind1=" ">
      <subfield code="a">Meta-learning</subfield>
   </datafield>
   <datafield tag="653" ind2=" " ind1=" ">
      <subfield code="a">Time series prediction</subfield>
   </datafield>
   <datafield tag="653" ind2=" " ind1=" ">
      <subfield code="a">Flood forecasting</subfield>
   </datafield>
   <datafield ind2="0" ind1="0" tag="245">
      <subfield code="a">MetaTrans-FSTSF: a transformer-based meta-learning framework for few-shot time series forecasting in flood prediction</subfield>
   </datafield>
</record></metadata></record></GetRecord></OAI-PMH>